| 000 | 01191nam a2200349 a 4500 | ||
|---|---|---|---|
| 008 | |||
| 020 | _a9780323462259 (hardback) | ||
| 040 |
_aNUST _cNUST |
||
| 049 | _aMAIN | ||
| 090 |
_aRC941 _bMUL |
||
| 245 | 1 | 0 |
_aMuller's imaging of the chest/ _cedited by Christopher M Walker ; Jonathan H Chung ; Stephen B Hobbs ; Brent P Little & Carol C Wu. |
| 250 | _aSecond edition. | ||
| 260 |
_aPhiladelphia, PA : _bElsevier, _c2019. |
||
| 300 |
_axiii, 1133 pages : _billustrations (some colour) ; _c29 cm. |
||
| 336 |
_atext _btxt _2rdacontent |
||
| 337 |
_aunmediated _bn _2rdamedia |
||
| 338 |
_avolume _bnc _2rdacarrier |
||
| 500 | _aIncludes index. | ||
| 504 | _aIncludes bibliographical references. | ||
| 650 | 1 |
_aChest _xImaging. |
|
| 650 | _aDiagnostic imaging. | ||
| 650 |
_aChest _xDiseases _vDiagnosis. |
||
| 700 |
_aWalker, Christopher., _aeditor. |
||
| 700 |
_aChung, Jonathan H., _aeditor. |
||
| 700 |
_aHobbs, Stephen B., _aeditor. |
||
| 700 |
_aLittle, Brent P., _aeditor. |
||
| 700 |
_aWu, Carol C., _aeditor. |
||
| 907 |
_a.b10407157 _b13-01-23 _c14-07-21 |
||
| 003 | |||
| 005 | 20230120204312.0 | ||
| 942 |
_cBOOKS _kRC941 _mMUL |
||
| 999 |
_c120791 _d120791 |
||